000 00599nam a2200241Ia 4500
005 20260306150221.0
008 008 260114s9999 xx 000 0 eng d
020 _a9781487579487
037 _aEbook
040 _aCRL
040 _beng
040 _cCRL
041 _2eng
041 _aeng
084 _qCRL
245 0 _aJames and John Stuart Mill / Papers of the Centenary Conference
260 _bUniversity of Toronto Press
260 _c1976
650 _aPhilosophy
856 _uhttps://www.degruyter.com/isbn/9781487579487
942 _cEBOOK
999 _c1694806
_d1694806